<?xml version="1.0" encoding="UTF-8"?>
<record
    xmlns:xsi="http://www.w3.org/2001/XMLSchema-instance"
    xsi:schemaLocation="http://www.loc.gov/MARC21/slim http://www.loc.gov/standards/marcxml/schema/MARC21slim.xsd"
    xmlns="http://www.loc.gov/MARC21/slim">

  <leader>00948nam a22002772  4500</leader>
  <datafield tag="999" ind1=" " ind2=" ">
    <subfield code="c">17537</subfield>
    <subfield code="d">17537</subfield>
  </datafield>
  <controlfield tag="001">0000018861</controlfield>
  <controlfield tag="003">OSt</controlfield>
  <controlfield tag="005">20190307124351.0</controlfield>
  <controlfield tag="008">100810s         xx           000 0 eng d</controlfield>
  <datafield tag="020" ind1=" " ind2=" ">
    <subfield code="a">0198749370 v. 2 c. 1 :</subfield>
  </datafield>
  <datafield tag="040" ind1=" " ind2=" ">
    <subfield code="a">KABU</subfield>
    <subfield code="c">KABU</subfield>
  </datafield>
  <datafield tag="050" ind1=" " ind2=" ">
    <subfield code="a">QM23.2</subfield>
    <subfield code="b">.C86 2017 v. 2 c. 1</subfield>
  </datafield>
  <datafield tag="100" ind1="1" ind2=" ">
    <subfield code="a">Koshi, Rachel</subfield>
  </datafield>
  <datafield tag="245" ind1="1" ind2="0">
    <subfield code="a">Cunningham's manual of practical anatomy /</subfield>
    <subfield code="c">D. J. Cunningham.</subfield>
    <subfield code="b">Thorax and abdomen</subfield>
  </datafield>
  <datafield tag="250" ind1=" " ind2=" ">
    <subfield code="a">16th  ed. /</subfield>
    <subfield code="b">G. J. Romanes.</subfield>
  </datafield>
  <datafield tag="260" ind1=" " ind2=" ">
    <subfield code="a">Oxford :</subfield>
    <subfield code="b">O. U. P.,</subfield>
    <subfield code="c">2017.</subfield>
  </datafield>
  <datafield tag="300" ind1=" " ind2=" ">
    <subfield code="a">ix, 328 p.</subfield>
  </datafield>
  <datafield tag="505" ind1="0" ind2=" ">
    <subfield code="a">v. 1 Upper and lower limbs - v. 2 Thorax and abdomen - v. 3 Head and neck and brain.</subfield>
  </datafield>
  <datafield tag="650" ind1=" " ind2="0">
    <subfield code="a">Anatomy, Human.</subfield>
  </datafield>
  <datafield tag="650" ind1=" " ind2="0">
    <subfield code="a">Dissection.</subfield>
  </datafield>
  <datafield tag="908" ind1=" " ind2=" ">
    <subfield code="a">100810</subfield>
  </datafield>
  <datafield tag="942" ind1=" " ind2=" ">
    <subfield code="2">lcc</subfield>
    <subfield code="c">BK</subfield>
    <subfield code="h">QM23.2</subfield>
  </datafield>
  <datafield tag="952" ind1=" " ind2=" ">
    <subfield code="0">0</subfield>
    <subfield code="1">0</subfield>
    <subfield code="2">lcc</subfield>
    <subfield code="7">0</subfield>
    <subfield code="a">KABU</subfield>
    <subfield code="b">KABU</subfield>
    <subfield code="d">2019-03-07</subfield>
    <subfield code="g">3017.24</subfield>
    <subfield code="l">13</subfield>
    <subfield code="o">QM23.2 .C86 2017 v. 2 c. 1</subfield>
    <subfield code="p">023000</subfield>
    <subfield code="r">2024-08-21 08:26:21</subfield>
    <subfield code="s">2024-08-12</subfield>
    <subfield code="t">c. 1</subfield>
    <subfield code="w">2019-03-07</subfield>
    <subfield code="y">BK</subfield>
  </datafield>
</record>
